[Event "FRA-chT2 West 0708"]
[Site "France"]
[Date "2008.01.20"]
[Round "6.3"]
[White "Vaugeois, Cyrille"]
[Black "Rivet, Gilles"]
[Result "1-0"]
[WhiteElo "2182"]
[BlackElo "2101"]
[PlyCount "61"]
[EventDate "2007.10.21"]
[EventType "team"]
[EventRounds "11"]
[EventCountry "FRA"]
[SourceTitle "EXT 2009"]
[Source "ChessBase"]
[SourceDate "2008.11.26"]
[SourceVersion "1"]
[SourceVersionDate "2008.11.26"]
[SourceQuality "1"]
[WhiteTeam "Gonfreville II"]
[BlackTeam "Rennes Paul Bert"]
[WhiteTeamCountry "FRA"]
[BlackTeamCountry "FRA"]

1. e4 e5 2. Nf3 Nf6 3. Nc3 Bb4 4. d3 d5 5. exd5 Nxd5 6. Bd2 Nxc3 7. bxc3 Bd6 8. Be2 0-0 9. 0-0 b6 10. Ng5 f6 11. Ne4 Bb7 12. Bf3 c6 13. Nxd6 Qxd6 14. a4 Na6 15. Re1 Rab8 16. a5 b5 17. Be3 c5 18. Rb1 Rfd8 19. Bxb7 Rxb7 20. Qf3 Qc7 21. Qe4 Qf7 22. f4 Re8 23. f5 Rbb8 24. Bf2 Qb7 25. Qh4 Qf7 26. Re4 g5 27. fxg6 hxg6 28. Rbe1 Kg7 29. Qg3 Rh8 30. d4 exd4 31. Re7 1-0

[Event "FRA-chT2 West 0607"]
[Site "France"]
[Date "2006.11.25"]
[Round "2.3"]
[White "Le Huec, Marc"]
[Black "Rivet, Gilles"]
[Result "1-0"]
[WhiteElo "2223"]
[BlackElo "2152"]
[PlyCount "41"]
[EventDate "2006.10.15"]
[EventType "team"]
[EventRounds "11"]
[EventCountry "FRA"]
[SourceTitle "EXT 2008"]
[Source "ChessBase"]
[SourceDate "2007.11.25"]
[SourceVersion "1"]
[SourceVersionDate "2007.11.25"]
[SourceQuality "1"]
[WhiteTeam "Bordeaux ASPOM"]
[BlackTeam "Rennes Paul Bert"]
[WhiteTeamCountry "FRA"]
[BlackTeamCountry "FRA"]

1. d4 Nf6 2. c4 g6 3. Nc3 d5 4. cxd5 Nxd5 5. e4 Nxc3 6. bxc3 Bg7 7. Bc4 c5 8. Ne2 0-0 9. 0-0 Nc6 10. Be3 Qa5 11. Rb1 cxd4 12. cxd4 Rd8 13. Qb3 e6 14. d5 Ne5 15. dxe6 Nxc4 16. exf7+ Kf8 17. Qxc4 Bf6 18. Rfd1 Rxd1+ 19. Rxd1 Bg4 20. f3 Rc8 21. Bh6+ 1-0

[Event "FRA-chT3 Gr5 0203"]
[Site "France"]
[Date "2002.11.16"]
[Round "2"]
[White "Rivet, Gilles"]
[Black "Alanic, Xavier"]
[Result "0-1"]
[WhiteElo "2100"]
[BlackElo "2132"]
[PlyCount "52"]
[EventDate "2002.12.09"]
[EventType "team"]
[EventRounds "9"]
[EventCountry "FRA"]
[SourceTitle "EXT 2004"]
[Source "ChessBase"]
[SourceDate "2003.11.25"]
[SourceVersion "1"]
[SourceVersionDate "2003.11.25"]
[SourceQuality "1"]

1. e4 d5 2. exd5 Nf6 3. Nc3 Nxd5 4. Bc4 c6 5. Qf3 Nf6 6. Ne4 Nbd7 7. d4 Nb6 8. Qb3 Nxc4 9. Nxf6+ exf6 10. Qxc4 Bd6 11. Ne2 0-0 12. Bf4 Bxf4 13. Nxf4 Re8+ 14. Ne2 Qe7 15. Kd1 b5 16. Qd3 Bf5 17. Qxf5 Qxe2+ 18. Kc1 Rad8 19. c3 b4 20. Rd1 bxc3 21. bxc3 c5 22. Qc2 cxd4 23. Rb1 Qa6 24. Kb2 Re2 25. Rd2 dxc3+ 26. Qxc3 Rexd2+ 0-1

[Event "FRA-chT3 Gr5 0203"]
[Site "France"]
[Date "2002.10.13"]
[Round "1"]
[White "Duplessy, Franck"]
[Black "Rivet, Gilles"]
[Result "1-0"]
[WhiteElo "2130"]
[BlackElo "2100"]
[PlyCount "93"]
[EventDate "2002.12.09"]
[EventType "team"]
[EventRounds "9"]
[EventCountry "FRA"]
[SourceTitle "EXT 2004"]
[Source "ChessBase"]
[SourceDate "2003.11.25"]
[SourceVersion "1"]
[SourceVersionDate "2003.11.25"]
[SourceQuality "1"]

1. e4 e5 2. Nf3 Nf6 3. Nxe5 d6 4. Nf3 Nxe4 5. d4 d5 6. Bd3 Be7 7. Nbd2 Nf6 8. 0-0 Nc6 9. c3 0-0 10. Re1 Re8 11. Nf1 Bg4 12. h3 Bh5 13. Bf4 Bg6 14. Bxg6 hxg6 15. Ng3 Qd7 16. Ne5 Nxe5 17. dxe5 Nh7 18. Qd3 Ng5 19. Rad1 Rad8 20. Bc1 Qa4 21. Bxg5 Bxg5 22. e6 f5 23. a3 Qc6 24. Nxf5 gxf5 25. Qxf5 Bf6 26. g4 Rf8 27. Qh5 Qc5 28. Re2 Qe7 29. f4 g5 30. Qg6+ Qg7 31. Qxg7+ Kxg7 32. e7 gxf4 33. exd8Q Rxd8 34. Kf2 c6 35. Kf3 Rh8 36. Rh1 Bg5 37. Re5 Kf6 38. Rxg5 Kxg5 39. h4+ Kh6 40. Kxf4 Re8 41. g5+ Kg6 42. h5+ Kg7 43. Kf5 Rf8+ 44. Ke6 Rf2 45. h6+ Kh8 46. Re1 Rxb2 47. Kf6 1-0